Neuro-fuzzy and soft computing : (Record no. 392)

MARC details
000 -LEADER
fixed length control field 01062nac a22002651u 4500
010 ## - LIBRARY OF CONGRESS CONTROL NUMBER
LC control number 96029050
020 ## - INTERNATIONAL STANDARD BOOK NUMBER
International Standard Book Number 0132610663
020 ## - INTERNATIONAL STANDARD BOOK NUMBER
International Standard Book Number 8120322436
020 ## - INTERNATIONAL STANDARD BOOK NUMBER
International Standard Book Number 8129703246
082 00 - DEWEY DECIMAL CLASSIFICATION NUMBER
Classification number 006.3
Item number J336
090 ## - LOCALLY ASSIGNED LC-TYPE CALL NUMBER (OCLC); LOCAL CALL NUMBER (OCLC)
-- 392
-- 392
100 ## - MAIN ENTRY--PERSONAL NAME
Personal name Jang, Jyh-Shing Roger.
245 10 - TITLE STATEMENT
Title Neuro-fuzzy and soft computing :
Remainder of title a computational approach to learning and machine intelligence /
Statement of responsibility, etc Jyh-Shing Roger Jang, Chuen-Tsai Sun, Eiji Mizutani.
260 ## - PUBLICATION, DISTRIBUTION, ETC. (IMPRINT)
Place of publication, distribution, etc New Delhi :
Name of publisher, distributor, etc Prentice Hall of India,
Date of publication, distribution, etc c1997.
300 ## - PHYSICAL DESCRIPTION
Extent xxvi, 614 p. :
Other physical details ill. ;
Dimensions 24 cm.
440 #0 -
-- MATLAB curriculum series
650 #0 - SUBJECT ADDED ENTRY--TOPICAL TERM
Topical term or geographic name as entry element Soft computing.
650 #0 - SUBJECT ADDED ENTRY--TOPICAL TERM
Topical term or geographic name as entry element Neural networks (Computer science)
650 #0 - SUBJECT ADDED ENTRY--TOPICAL TERM
Topical term or geographic name as entry element Fuzzy systems.
700 1# - ADDED ENTRY--PERSONAL NAME
Personal name Sun, Chuen-Tsai.
700 1# - ADDED ENTRY--PERSONAL NAME
Personal name Mizutani, Eiji.
942 ## - ADDED ENTRY ELEMENTS (KOHA)
Item type Book - Borrowing
Call number prefix 006.3J336
Holdings
Withdrawn status Item status Source of classification or shelving scheme Damaged status Not for loan Vendor Home library Current library Shelving location Date acquired Source of acquisition Cost, normal purchase price Total Checkouts Total Renewals Full call number Barcode Date last seen Date last borrowed Cost, replacement price Koha item type
    Dewey Decimal Classification       Central Library Central Library Lower Floor 09/04/2006   125.00 2 12 006.3 JAN 000004241 15/07/2025 21/02/2017 156.25 Book - Borrowing
    Dewey Decimal Classification       Central Library Central Library Lower Floor 09/04/2006   125.00 1   006.3 JAN 000004172 15/07/2025   156.25 Book - Borrowing